| 000 | 00717nam a2200217 a 4500 | ||
|---|---|---|---|
| 005 | 20240806064206.0 | ||
| 008 | 060529s2003 mx r 000 0 spa d | ||
| 020 | _a8497560973 | ||
| 035 | _aUPN01000144863 | ||
| 049 | _aCG | ||
| 050 | 4 |
_aRC552 A5 _bR4.3 |
|
| 100 | 1 | _aRecalcati, Massimo | |
| 245 | 1 | 0 |
_aClínica del vacío : _banorexias, dependencias, psicosis / _cMassimo Recalcati ; tr. Ma. Soledad Rodríguez Val. |
| 260 |
_aMadrid : _bSintesis, _c[2003]. |
||
| 300 | _a399 p. | ||
| 440 | 0 |
_aEstudios lacanianos ; _v1 |
|
| 534 |
_pTítulo original: _tClínica del vuoto, anoressie, dipendenze psicosi |
||
| 650 | 4 |
_aANOREXIA NERVIOSA - _xPSICOLOGIA _97072 |
|
| 650 | 4 |
_aPsicoanálisis _91572 |
|
| 905 | _aLibro | ||
| 999 |
_c117010 _d117010 |
||